00351nam a2200133Ia 4500008004100000020001500041041001200056100001600068245005400084250000800138260004900146300000800195650001400203221030s9999 xx 000 0 und d a8122440638 aEnglish aP. S. Kalsi 0aSpectroscopy of Organic Compoundscby P. S. Kalsi a7th bNew Age International Pub.aNew Delhic2016 a569 aChemistry